Michael Jackson's studio albums - Statistics

General Stats
  • This quiz has been taken 239 times
  • The average score is 10 of 12
Answer Stats
Release date Album % Correct
September 1, 1987 Bad
97%
August 10, 1979 Off The Wall
96%
November 30, 1982 Thriller
96%
November 26, 1991 Dangerous
92%
August 4, 1972 Ben
89%
June 20, 1995 HIStory: Past, Present and Future, Book I
87%
October 30, 2001 Invincible
86%
May 9, 2014 Xscape
83%
December 10, 2010 Michael
78%
January 16, 1975 Forever, Michael
71%
January 24, 1972 Got To Be There
70%
April 13, 1973 Music & Me
67%
No matching quizzes found
Score Distribution
Percent of People with Each Score
Percentile by Number Answered
Your Score History
You have not taken this quiz